000 00421nam a2200169Ia 4500
005 20250508162542.0
008 008 250505s9999 xx 000 0 hin d
037 _aTextual
040 _aFEDL
_beng
_cFEDL
041 _ahin
_2eng
084 _aFH, GAU
_qFEDL
100 _aRaj Kumar Gautam
_9773432
245 0 _aUtrardh ki mot
300 _a126p.
942 _cTEXL
_hFH, GAU
999 _c1377259
_d1377259